Muzsikusok a Magyar Tudományos Akadémia 200 éves történetében

Elmentve itt :
Bibliográfiai részletek
Szerző: Dombi Józsefné
Testületi szerző: Nemzetközi Zenei Konferencia (26.), Zenei évfordulók, új zenepedagógiai kutatások
Dokumentumtípus: Könyv része
Megjelent: Juhász Gyula Felsőoktatási Kiadó Szeged 2026
Sorozat:Nemzetközi Zenei Konferencia 26
Kulcsszavak:Zenetörténet - Magyarország - 19-20. sz.
Tárgyszavak:
Online Access:http://acta.bibl.u-szeged.hu/89907
LEADER 00984naa a2200217 i 4500
001 acta89907
005 20260312105918.0
008 260312s2026 hu o 100 hun d
020 |a 978-963-648-081-3 
040 |a SZTE Egyetemi Kiadványok Repozitórium  |b hun 
041 |a hun 
100 1 |a Dombi Józsefné 
245 1 0 |a Muzsikusok a Magyar Tudományos Akadémia 200 éves történetében  |h [elektronikus dokumentum] /  |c  Dombi Józsefné 
260 |a Juhász Gyula Felsőoktatási Kiadó  |b Szeged  |c 2026 
300 |a 38-45 
490 0 |a Nemzetközi Zenei Konferencia  |v 26 
650 4 |a Bölcsészettudományok 
650 4 |a Művészetek (művészetek, művészettörténet, előadóművészetek, zene) 
695 |a Zenetörténet - Magyarország - 19-20. sz. 
711 |a Nemzetközi Zenei Konferencia (26.), Zenei évfordulók, új zenepedagógiai kutatások  |c Szeged  |d 2025. október 6-7. 
856 4 0 |u http://acta.bibl.u-szeged.hu/89907/1/nemzetkozi_zenei_026_038-045.pdf  |z Dokumentum-elérés